MARC

LEADER 00000nam0a2200000 4500
001 48003
005 20231101211126.0
035 |a (RuTPU)RU\TPU\book\50194 
090 |a 48003 
100 |a 20030228d1966 k y0rusy50 ca 
101 0 |a rus 
102 |a RU 
105 |a a z 001zy 
200 1 |a Магнитные элементы автоматики и вычислительной техники  |f М. А. Розенблат 
210 |a Москва  |c Наука  |d 1966 
215 |a 719 с.  |c ил. 
320 |a Библиогр.: с. 694-714 
320 |a Предм. указ.: с. 715-719 
606 1 |a Цифровые вычислительные машины  |x Магнитные элементы  |2 stltpush  |3 (RuTPU)RU\TPU\subj\18421  |9 43856 
606 |a Автоматические системы управления  |x Магнитные элементы  |2 stltpush  |3 (RuTPU)RU\TPU\subj\827  |9 29633 
610 1 |a автоматические системы 
610 1 |a магнитные элементы 
610 1 |a автоматика 
610 1 |a вычислительная техника 
610 1 |a ферримагнетизм 
610 1 |a ферромагнитные приборы 
610 1 |a магнитные материалы 
610 1 |a сердечники 
610 1 |a ферромагнитные сердечники 
610 1 |a параметрические устройства 
610 1 |a дроссели 
610 1 |a трансформаторы 
610 1 |a магнитомодуляционные устройства 
610 1 |a магнитные усилители 
610 1 |a магнитные элементы 
610 1 |a управление 
675 |a 681.527.83  |v 3 
675 |a 681.327.6  |v 3 
700 1 |a Розенблат  |b М. А.  |g Моисей Аронович 
801 1 |a RU  |b 63413507  |c 20030228  |g PSBO 
801 2 |a RU  |b 63413507  |c 20230130  |g PSBO 
942 |c BK